| 000 | 00879cam a22002651 4500 | ||
|---|---|---|---|
| 001 | 30130 | ||
| 003 | BD-RjUL | ||
| 005 | 20211209051522.0 | ||
| 008 | 140409r19561953enka 000 0 eng | ||
| 035 | _a(BD-RjUL)30215 | ||
| 035 | _a(OCoLC)1732737 | ||
| 040 |
_aDLC _cIDeKN _dOCoLC _dDLC _dBD-RjUL _beng |
||
| 041 | 1 | _aengund | |
| 082 |
_a160 _bPIL 1956 |
||
| 100 | 1 |
_aPiaget, Jean, _d1896-1980. _93700 |
|
| 245 | 1 | 0 |
_aLogic and psychology / _cWith an introd. on Piaget's logic by W. Mays. |
| 260 |
_aLondon : _bManchester University, _c1953 [Reprinted 1956]. |
||
| 300 |
_a48 p. : _bill. ; _c19 cm. |
||
| 500 | _aBased on 3 lectures which were delivered in the University of Manchester Oct. 1952, translated by W. Mays and F. Whitehead. | ||
| 650 | 0 |
_aLogic. _991614 |
|
| 650 | 0 |
_aPsychology. _991615 |
|
| 942 |
_2ddc _cBK |
||
| 999 |
_c30130 _d30130 |
||